000 00750nam a2200289Ia 4500
005 20260324133153.0
008 008 260324s9999 xx 000 0 eng d
020 _a9781315084114
037 _aEBOOK
040 _aCRL
040 _beng
040 _cCRL
041 _2eng
041 _aeng
084 _qCRL
100 _aSean Gallagher; James Haar; John NĂ¡das; Timothy Striplin
_91192059
245 0 _aWestern Plainchant in the First Millennium
245 0 _bStudies in the Medieval Liturgy and its Music
260 _bTaylor and Francis
260 _c2003
365 _a
365 _b230
856 _uhttp://www.taylorfrancis.com/books/9781315084114
942 _cEBOOK
999 _c1790874
_d1790874